header

Communication trends and political behaviour (Record no. 85567)

MARC details
000 -LEADER
fixed length control field 01197nam a2200301 a 4500
100 1# - MAIN ENTRY--AUTHOR NAME
Personal name Sharma, S. K.
245 10 - TITLE STATEMENT
Title Communication trends and political behaviour
260 ## - PUBLICATION, DISTRIBUTION, ETC. (IMPRINT)
Place of publication New Delhi :
Name of publisher Pragun Publication,
Year of publication 2006.
300 ## - PHYSICAL DESCRIPTION
Number of Pages 107 p. :
Other physical details ill.
650 #0 - SUBJECT ADDED ENTRY--TOPICAL TERM
Topical Term Communication in politics
Topical Term Political participation
856 40 - ELECTRONIC LOCATION AND ACCESS
Uniform Resource Identifier http://site.ebrary.com/lib/rucke/Doc?id=10415103

No items available.

© 2026 Rongo University
Contact us: librarian | system librarian | Rongo university